000 00279nam a2200121Ia 4500
008 190216s9999||||xx |||||||||||||| ||und||
100 _aKanti Trivedi
245 0 _aHindi-Naari Man Ki Kahaniya
260 _bKavitha Book Centre
300 _a207
650 _aHindi
942 _cBK
999 _c16218
_d16218